| 000 | 01450njm a2200217 a 4500 | ||
|---|---|---|---|
| 001 | ASINB004GWS8MK | ||
| 005 | 20200421093826.0 | ||
| 008 | 130724s2011 xxu eng d | ||
| 020 | _c£13.99 | ||
| 024 | 1 | _a710347116622 | |
| 100 | 1 |
_aFish, Samantha. _91495 |
|
| 245 | 1 | 0 |
_aGirls with guitars _h[sound recording] / _cSamantha Fish, Cassie Taylor, Dani Wilde. |
| 260 |
_a[S.l.] : _bRUF, _c2011. |
||
| 300 |
_a1 sound disc : _bdigital ; _c4 3/4 in. |
||
| 505 | 0 |
_tBitch -- _tSatisfy my soul -- _tMr. loving man -- _tWe ain't gonna get out alive -- _tReason to stay -- _tGet back -- _tCome on home -- _tLeaving chicago -- _tWait a minute -- _tMove on -- _tAre you ready -- _tJet airliner. |
|
| 520 | _a1-Bitch 2-Satisfy My Soul 3-Mr. Loving Man 4-We Ain't Gonna Get Out Alive 5-Reason To Stay 6-Get Back 7-Come On Home 8-Leaving Chicago 9-Wait A Minute 10-Move On 11-Are You Ready 12-Jet Airliner Otis Taylor's daughter, Samantha Fish from Tennessee, and Dani Wilde from the UK: the blues' most adorable girl group. Cute vocals and rocking guitars - what an extreme. Maybe this set is of interest to boys from their peer group. Just too sweet for me. DANI WILDE -gtr/voc, SAMANTHA FISH - gtr, CASSIE TAYLOR - bass/voc, JAMIE LITTLE - drums. Special guest: MIKE ZITO - gtr. | ||
| 700 | 1 |
_aTaylor, Cassie. _91502 |
|
| 700 | 1 |
_aWilde, Dani. _91555 |
|
| 856 | 4 | 0 |
_3Amazon.com _uhttp://www.amazon.co.uk/exec/obidos/ASIN/B004GWS8MK/chopaconline-20 |
| 942 |
_2ddc _cMU |
||
| 999 |
_c318 _d318 |
||